Quick Pick: Jay-Z Song Title Endings Quiz Stats

 Plays Quiz Updated Jun 27, 2017

Support Sporcle.
Go Orange.
Score 0/10 Timer 01:00
2 Plays Today
% Correct
Clyde
95.4%
Town
94%
Mind
93.9%
Problems
93.8%
Grail
92.7%
Shoulder
92.3%
Anthem
79.4%
H.O.V.A.
78.2%
Pimpin'
72.9%
Forever
70.4%

Today's Daily Dose

Missing Word
'Y-Z' Pairs

Quick Pick
MCU Directors

You're not logged in!

Compare scores with friends on all Sporcle quizzes.
OR
Log In
Forgot?

From the Vault

1950s Blitz

by Hejman

We just assume living in the 1950s was exactly like eating at Johnny Rockets for 10 straight years.
Remove Ads.
Support Sporcle.
Get the best of Sporcle when you Go Orange. This ad-free experience offers more features, more stats, and more fun while also helping to support Sporcle. Thank you for becoming a member.

Show Comments

Extras

Top Quizzes Today


Score Distribution

Your Account Isn't Verified!

In order to create a playlist on Sporcle, you need to verify the email address you used during registration. Go to your Sporcle Settings to finish the process.

Report this User

Report this user for behavior that violates our Community Guidelines.

Details: